| 000 | 00547nam a22001577a 4500 | ||
|---|---|---|---|
| 003 | NUST | ||
| 082 | _a200 | ||
| 100 |
_aTariq, Mahnoor _9114337 |
||
| 245 |
_aUAV-Based Border Surveillance: Achieving Optimal Coverage in Aerial Plane using GLP-Hybrid Algorithm/ _cMahnoor Tariq, |
||
| 264 |
_aIslamabad : _bSEECS, NUST, _c2023. |
||
| 300 |
_a81 p. ; _c30 cm. |
||
| 650 |
_aMS-Artificial Intelligence _9124951 |
||
| 700 |
_aSupervisor: Dr. Ahsan Saadat _9114336 |
||
| 856 | _uhttp://10.250.8.41:8080/xmlui/handle/123456789/33686 | ||
| 942 |
_2ddc _cSC |
||
| 999 |
_c595693 _d595693 |
||